| 000 | 01162nam a2200241 a 4500 | ||
|---|---|---|---|
| 001 | 78797 | ||
| 003 | BD-RjUL | ||
| 005 | 20211209083156.0 | ||
| 008 | 211115r20192011bg ||||| |||| 00| 0 ben d | ||
| 020 |
_a9789840423910 _c: Tk. 950.00 |
||
| 035 | _a(BD-RjUL)79024 | ||
| 040 |
_aBD-RjUL _beng _cBD-RjUL |
||
| 041 | _aben | ||
| 082 |
_223 _a954.9205092 _bSAB 2019 |
||
| 100 |
_aসরকার, মোনায়েম _9250053 |
||
| 245 | 1 | 0 |
_aবঙ্গবন্ধু শেখ মুজিবুর রহমান / _cমোনায়েম সরকার , আশফক-উল-আলম |
| 260 |
_aঢাকা : _bবাংলাদেশ ফাউন্ডেশন ফর ডেভেলপমেন্ট রিসার্চ ; _bআগামী প্রকাশনী, _c২০১১ [মুদ্রণ ২০১৯] |
||
| 300 |
_a৫৬০ পৃ.: _bচিত্রসমূহ ; _c২২ সেমি. |
||
| 600 |
_aমুজিবুর রহমান, _cশেখ, _d১৯২০-১৯৭৫ _9250057 |
||
| 600 |
_aMujibur Rahman, _cSheikh, _d1920-1975 _9250058 |
||
| 700 |
_aআশফক-উল-আলম _9250056 |
||
| 942 |
_2ddc _cBK |
||
| 999 |
_c78797 _d78797 |
||